000 00927nam a2200229 i 4500
001 186341
003 ES-MaACL
005 20250920063114.0
007 t|
008 161026s1927 sp a |||| | cat d
080 _a821.134.2(72)-14"18"
100 1 _aNervo, Amado,
_d1870-1919
_985404
245 1 3 _aEl estanque de los lotos /
_cAmado Nervo ; [texto al cuidado de Alfonso Reyes ; ilustraciones de Marco].
260 _aMadrid :
_bBiblioteca Nueva,
_cimp. 1927.
300 _a235 p. :
_bil. ;
_c19 cm.
490 1 _aObras completas de Amado Nervo ;
_v18
700 1 _aReyes, Alfonso,
_d1889-1959
_996554
700 1 _aMarco, Fernando.
_976462
830 0 _aObras completas de Amado Nervo ;
_v18
_9181423
852 _aES-MaACL
_jA-5048
_z- Enc. tela roja Calleja
_z. - Donat. de la Junta de Intercambio y Adquisición de Libros para Bibliotecas Públicas
_t- Ejemp. numerado n. 04364
999 _c186341
_d186341